Personnages preferée de stranger things saison 5 - Statistiques

Statistiques générales
  • Ce quiz a été pris 26 fois
  • Le résultat moyen est 13 sur 17
Statistiques - réponses
Pourcentage Personnages % Correct
11% Onze
100%
15% Dustin
96%
2% Mike
96%
6% Hopper
91%
17% Steve
91%
18% Will
91%
12% Max
87%
2% Joyce
83%
1% Lucas
83%
3% Nancy
83%
1% Jonathan
78%
5% Robin
74%
2% Derek
65%
1% Holly
65%
2% Erica
57%
1% Murray
52%
1% Karen
48%
Aucun quiz correspondant
Distribution des résultats
% des personnes avec chaque résultat
Percentile par nombre de réponses
Votre historique - résultats
Vous n’avez pas pris ce quiz